000
00396nam a2200133Ia 4500
008
151001s9999||||xx |||||||||||||| ||und||
100
_a
अरुण शेवते
245
_a
त्या प्रीतीची रीतच न्यारी
250
_a
1
260
_b
अनघा प्रकाशन ठाणे
260
_c
2007
300
_a
159
365
_b
21
999
_c
990340
_d
990337